Valenciana (Guanajuato, México) : México, Talleres Gráficos del Museo Nacional de Arqueología, Historia y Etnografía, 1933.

Bibliographic Details
Main Author: Cortés, Antonio, 1869-1938
Other Authors: Obregon y Alcocer, Antonio de
Format: Book
Language:Spanish
Published: México : Ediciones Cortés, 1967.
Subjects:

MARC

Tag First Indicator Second Indicator Subfields
LEADER 00000cam a2200000 4500
001 in00003439430
005 20151206103057.0
008 851213s1967 mx aef b 00000 spa d
035 |a (OCoLC)ocm12905342 
040 |a FKS  |c FKS  |d TNY  |d UtOrBLW 
090 |a F1391.V22  |b C66 1967 
100 1 |a Cortés, Antonio,  |d 1869-1938. 
245 1 0 |a Valenciana (Guanajuato, México) :  |b México, Talleres Gráficos del Museo Nacional de Arqueología, Historia y Etnografía, 1933. 
264 1 |a México :  |b Ediciones Cortés,  |c 1967. 
300 |a 6 preliminary leaves, 99 pages, 1 unnumbered page :  |b illustrations, 60 plates (part color) plans. ;  |c 39 cm. 
336 |a text  |b txt  |2 rdacontent 
337 |a unmediated  |b n  |2 rdamedia 
338 |a volume  |b nc  |2 rdacarrier 
504 |a Bibliography: pages [32], [54], [76]. 
505 0 |a pte.1. Templo de San Cayetano ... pte.2. Notas sobre la mina de la Valenciana.--pte.3. Noticias historicas del pueblo de Valenciana y su templo.--pte.4. Apuntes biográficos sobre don Antonio de Obregon y Alcocer. 
500 |a Ilustrada por el autor. 
610 1 0 |a Guanajuato, Mexico (City).  |b San Cayetano (Church) 
650 0 |a Mines and mineral resources  |z Mexico  |z Guanajuato (State) 
650 0 |a Architecture  |z Valeciana, Guanajuato, Mexico. 
700 1 |a Obregon y Alcocer, Antonio de. 
999 |a MARS 
999 f f |s a316949b-74cc-329b-b59c-ad4f4bf60931  |i 772773da-4ea4-3a57-9a82-b8a21cb1bc7c  |t 0 
952 f f |p ric  |a Texas A&M University  |b Rellis Campus  |c Joint Library Facility  |d Remote Storage  |t 0  |e F1391.V22 C66 1967  |h Library of Congress classification  |i unmediated -- volume  |m 32060001459318 
998 f f |a F1391.V22 C66 1967  |t 0  |l Remote Storage